Fortune

Guardado en:
Detalles Bibliográficos
Formato: Seriadas
Lenguaje:inglés
Publicado: Amsterdam Time Warner Publ. 1999
Materias:
Etiquetas: Agregar Etiqueta
Sin Etiquetas, Sea el primero en etiquetar este registro!

MARC

LEADER 00000nas2a2200000 4500
001 s123977
005 20231103122530.2
022 |a 0738-5587 
041 0 |a eng 
044 |a NL 
245 1 0 |a Fortune 
264 1 |a Amsterdam  |b Time Warner Publ.  |c 1999 
300 |a 1 zv. 
773 0 |w eu_un_cat*s120711 
610 2 0 |a politika hospodárska 
610 2 0 |a rozvoj hospodársky 
610 2 0 |a riadenie podnikové